| 000 | 02868nas a2200589 i 4500 | ||
|---|---|---|---|
| 001 | 196577 | ||
| 003 | ES-MaACL | ||
| 005 | 20250828094915.0 | ||
| 006 | m g d | | ||
| 007 | co*cg||||||||| | ||
| 008 | 241007c19929999sp ar psq 0 b0spa | ||
| 010 |
_an _b0 |
||
| 022 | 0 |
_a2951-8687 _2_u |
|
| 035 | _a(OCoLC)1343062569 | ||
| 035 | _a(SpMaBN)a7146330 | ||
| 035 | _a991044082409708606 | ||
| 040 |
_aSpMaBN _bspa _cSpMaBN _erdc _dES-MaACL |
||
| 080 | _a81'22 | ||
| 080 | _a82.07 | ||
| 130 | 0 |
_aSigna (Madrid. CD-ROM) _9239081 |
|
| 210 | 0 |
_aSigna _bMadr., CD-ROM |
|
| 222 | 0 |
_aSigna _bMadrid. CD-ROM |
|
| 245 | 1 | 0 |
_aSigna _h[Recurso electrónico] : _brevista de la Asociación Española de Semiótica |
| 260 |
_aMadrid : _bCentro de Investigación de Semiótica Literaria, Teatral y Nuevas Tecnologías : _bDepartamentos de Literatura Española y Teoría de la Literatura y Filología Francesa, |
||
| 300 |
_aCD-ROM ; _c12 cm |
||
| 310 | _aAnual | ||
| 336 |
_aTexto (visual) _2isbdcontent |
||
| 337 |
_aelectrónico _2isbdmedia |
||
| 338 |
_2rdacarrier _avolumen |
||
| 362 | 1 | _aLa versión impresa comenzó en 1992 | |
| 588 | 0 | _aDescripción basada en: N. 32 (2023) | |
| 594 | _aTítulo tomado de la cubierta PDF | ||
| 650 | 7 |
_aSemiótica y literatura _2embne _917043 |
|
| 650 | 4 |
_aSemiótica _2embne _917041 |
|
| 710 |
_aAsociación Española de Semiótica _0(isni)0000000098239036 _9239077 |
||
| 710 | 2 |
_aUniversidad Nacional de Educación a Distancia (España). _bCentro de Investigación de Semiótica Literaria, Teatral y Nuevas Tecnologías _9239078 |
|
| 710 | 2 |
_aUniversidad Nacional de Educación a Distancia (España). _bDepartamento de Literatura Española y Teoría de la Literatura _9239079 |
|
| 710 | 2 |
_aUniversidad Nacional de Educación a Distancia (España). _bDepartamento de Filología Francesa _9239080 |
|
| 776 | 0 | 8 |
_iVersión impresa _tSigna (Madrid) = _xISSN 1133-3634 _0196576 _w196576 |
| 776 | 0 | 8 |
_iVersión en línea _tSigna (Madrid. Internet) = _xISSN 2254-9307 _0196578 _w196578 |
| 852 |
_aES-MaACL _cROT _jROT 6/3/28 _hDonación: Editorial _zRevista viva _zAño 2023 _9204297 |
||
| 852 |
_aES-MaACL _cROT _jROT 6/3/28 _hDonación: Editorial _zRevista viva _zAño 2024 _9204298 |
||
| 856 | 4 |
_uhttp://dialnet.unirioja.es/servlet/revista?codigo=1349 _ySumarios de la revista en Dialnet |
|
| 856 | 4 |
_uhttp://www.cervantesvirtual.com/FichaObra.html?Ref=5338 _yVersión en línea |
|
| 866 | _o2023-2024- | ||
| 942 |
_2udc _n0 |
||
| 955 | _bPilar Fernández Vera | ||
| 956 | _a1 2 | ||
| 980 |
_a2951-8687 _aSpMaBN _bBNMADRID _jREVCD/3911 _cSALA_SPR _81 _81.1 _a24 _81.2 _a25 _81.3 _a26 _81.4 _a27 _81.5 _a28 _81.6 _a29 _81.7 _a30 _81.8 _a31 _a2015-2022- |
||
| 980 |
_aSpMaBN _bBNALCALA _jAHSCD/603 _cCONSERVACI _81 _81.1 _a24 _81.2 _a25 _81.3 _a26 _81.4 _a27 _81.5 _a28 _81.6 _a29 _81.7 _a30 _81.8 _a31 _a2015-2022- |
||
| 999 |
_c196577 _d196577 |
||